01333nam a2200253 i 4500001000300000100002300003245009400026246006100120260004600181300005900227490025500286500007900541500003000620504003400650650004500684650003700729650003600766830010900802040000800911041001100919080001000930008004100940856009800981bg1 aWOJCIECHOWSKI, Jan10aOdkształcalność prowadnicowych układów maszyn wytwórczych /cJan Wojciechowski.11aDeformability of the production machine guideway systems aWrocław :bOficyna Wydawnicza PW,c1994. a202 s., [1] k. tabl. złoż. :brys., wykr. ;c24 cm.1 aPrace Naukowe Instytutu Technologii Maszyn i Automatyzacji Politechniki Wrocławskiej. Monografie =aScientific Papers of the Institute of Mechanical Engineering and Automatization of the Technical University of Wrocław. Monographs,x0867-5325 ;v16 aTyt. równol. : Deformability of the production machine guideway systems. aNumeracja ser. gł. : 55. aBibliogr. s. 186-193. - Summ. 9aNaprężenia i odkształceniaxbadanie 9aObrabiarkixbudowa i konstrukcje 9aSymulacjaxstosowaniextechnika 0aPrace Naukowe Instytutu Technologii Maszyn i Automatyzacji Politechniki Wrocławskiej.pMonografie ;v16 cBPK0 aplben a621.9 s pl f |000 0 pol  uhttp://koha.tu.koszalin.pl/cgi-bin/koha/opac-detail.pl?biblionumber=30540yKatalog online BPK